=LDR 00000nam 2200000 4500 =001 INLIS000000000047770 =005 20160216100741.0 =006 =007 =008 =035 ##$$0010-021600000000158 =040 ##$$a NPBDMAT =082 ##$$a R. 351.720 26 =090 ##$$a R. 351.720 26 $b Not n =245 ##$$a Nota Keuangan dan Rancangan Undang-Undang Republik Indonesia Tentang Perubahan Atas Undang-Undang Nomor 36 Tahun 2004 Tentang Anggaran Pendapatan dan Belanja Negara Tahun Anggaran 2005 =260 ##$$a Jakarta : $b Departemen Keuangan RI, $c 2005 =300 ##$$a 100 hlm $c 30 cm =650 ##$$a Anggaran Pendapatan dan Belanja Negara - Undang-Undang =700 ##$$a Departemen Keuangan RI